[Event "II Open Internacional Hotel Murta Xativa (Event Code: 141022)"]
[Site "Hotel Murta"]
[Date "2016.08.26"]
[Round "7"]
[Board "6"]
[White "Bas Mas, Miguel"]
[Black "Garcia Jimenez, Francisco Javier"]
[Result "0-1"]
[WhiteElo "2123"]
[BlackElo "2251"]
[PlyCount "122"]
[EventDate "2016.08.22"]
[EventRounds "9"]
[EventCountry "ESP"]

1. e4 d5 2. exd5 Qxd5 3. Nc3 Qd8 4. g3 Nf6 5. Bg2 Bg4 6. Nge2 Nc6 7. h3 Bxe2 8.
Nxe2 e5 9. d4 exd4 10. Bxc6+ bxc6 11. Qxd4 Qd5 12. Qxd5 cxd5 13. Bf4 O-O-O 14.
O-O-O Bc5 15. Rh2 Rhe8 16. f3 c6 17. Rd3 Re6 18. Bd2 Rde8 19. Kd1 Nd7 20. Nf4
R6e7 21. Rc3 Kb7 22. Re2 Bd6 23. Rxe7 Rxe7 24. Re3 Ne5 25. Bc3 f6 26. Bxe5 fxe5
27. Nd3 c5 28. b3 Kc6 29. c4 e4 30. cxd5+ Kxd5 31. Nf2 exf3 32. Rd3+ Kc6 33.
Rxf3 Be5 34. Nd3 Bd4 35. Kd2 Kd5 36. Rf5+ Kc6 37. Rf3 a5 38. Nf4 Kd6 39. Ne2
Bf6 40. h4 Re4 41. Kd3 Re7 42. Nc3 Kc6 43. Ne4 Rd7+ 44. Kc2 Be5 45. Ng5 h6 46.
Ne4 Rd4 47. Re3 Kd5 48. Nc3+ Ke6 49. Ne2 Rg4 50. Kd3 a4 51. Rf3 Rb4 52. Kc2 a3
53. Re3 Kf5 54. Nc3 Bd4 55. Rf3+ Kg4 56. Rd3 Be5 57. Ne2 c4 58. bxc4 Rb2+ 59.
Kd1 Rxa2 60. Nc1 Ra1 61. Kc2 Rxc1+ 0-1

[Event "II Open Internacional Hotel Murta Xativa (Event Code: 141022)"]
[Site "Hotel Murta"]
[Date "2016.08.26"]
[Round "7"]
[Board "7"]
[White "Ibanez Aullana, Ramon"]
[Black "Reig Albero, Ferran"]
[Result "1-0"]
[WhiteElo "2249"]
[BlackElo "1993"]
[PlyCount "84"]
[EventDate "2016.08.22"]
[EventRounds "9"]
[EventCountry "ESP"]

1. d4 d5 2. c4 e6 3. Nf3 Nf6 4. g3 Be7 5. Bg2 O-O 6. O-O Nbd7 7. Qc2 c6 8. Bf4
b6 9. cxd5 cxd5 10. Qc6 Ba6 11. Nc3 Qc8 12. Qa4 b5 13. Nxb5 Qc6 14. Nc3 Qxa4
15. Nxa4 Bxe2 16. Rfe1 Ba6 17. a3 Ne4 18. b4 g5 19. Be3 Bf6 20. Rad1 g4 21. Nd2
Nxd2 22. Rxd2 Nb6 23. Nc5 Bb5 24. Bf1 Bxf1 25. Kxf1 Rfc8 26. b5 Nc4 27. Ra2 Be7
28. Rc1 e5 29. Nd3 Bxa3 30. Rca1 Bd6 31. b6 Nxb6 32. dxe5 Bc7 33. Rxa7 Rxa7 34.
Rxa7 Nc4 35. Bd4 Bb6 36. Bxb6 Nxb6 37. Rb7 Nc4 38. Rd7 Nb6 39. Rd6 Rc3 40. Nf4
Rb3 41. Nh5 Kf8 42. Nf6 h5 1-0

[Event "II Open Internacional Hotel Murta Xativa (Event Code: 141022)"]
[Site "Hotel Murta"]
[Date "2016.08.26"]
[Round "7"]
[Board "8"]
[White "Martorell Aubanell, Adria"]
[Black "Nieves Cabanes, Javier"]
[Result "0-1"]
[WhiteElo "2162"]
[BlackElo "2215"]
[PlyCount "62"]
[EventDate "2016.08.22"]
[EventRounds "9"]
[EventCountry "ESP"]

1. e4 e5 2. Nf3 Nc6 3. Bb5 a6 4. Ba4 Nf6 5. O-O Be7 6. Re1 b5 7. Bb3 d6 8. c3
O-O 9. d4 Bg4 10. d5 Na5 11. Bc2 c6 12. dxc6 Nxc6 13. Nbd2 Rc8 14. h3 Be6 15.
Bb3 Nd7 16. Bxe6 fxe6 17. a4 b4 18. c4 Nc5 19. Nb3 Nxb3 20. Qxb3 Na5 21. Qxb4
Rxc4 22. Qd2 Qc7 23. Qd3 Rb8 24. Bd2 Nb3 25. Ra3 Nxd2 26. Qxd2 d5 27. exd5 e4
28. Ng5 Bb4 29. Rc3 Qe5 30. Qe2 Bxc3 31. bxc3 exd5 0-1

[Event "II Open Internacional Hotel Murta Xativa (Event Code: 141022)"]
[Site "Hotel Murta"]
[Date "2016.08.26"]
[Round "7"]
[Board "10"]
[White "Roca Cruz, Rafael"]
[Black "Montalban Galvez, Antoni"]
[Result "0-1"]
[WhiteElo "1882"]
[BlackElo "2221"]
[PlyCount "66"]
[EventDate "2016.08.22"]
[EventRounds "9"]
[EventCountry "ESP"]

1. d4 Nf6 2. c4 g6 3. Nc3 d5 4. cxd5 Nxd5 5. Bd2 Nb6 6. Bf4 Bg7 7. Nf3 O-O 8.
Rc1 c5 9. Nb5 cxd4 10. e3 Nc6 11. Nc7 Rb8 12. exd4 Bg4 13. d5 Ne5 14. Be2 Bxf3
15. Bxf3 Rc8 16. Bxe5 Bxe5 17. Nb5 Bxb2 18. Rc2 Be5 19. Rxc8 Qxc8 20. O-O Qc5
21. Qb3 a6 22. Na3 Rc8 23. g3 Rc7 24. Nb1 Qa5 25. Qe3 Nc4 26. Qb3 b5 27. Rd1
Nd6 28. Bg2 Bf6 29. Rd2 Nf5 30. Rc2 Nd4 31. Rxc7 Nxb3 32. Rc8+ Kg7 33. axb3
Qe1+ 0-1

[Event "II Open Internacional Hotel Murta Xativa (Event Code: 141022)"]
[Site "Hotel Murta"]
[Date "2016.08.26"]
[Round "7"]
[Board "11"]
[White "Galvan Cipriani, Viviana"]
[Black "Gomez Sanjuan, Hector Fernando"]
[Result "0-1"]
[WhiteElo "1662"]
[BlackElo "2025"]
[PlyCount "88"]
[EventDate "2016.08.22"]
[EventRounds "9"]
[EventCountry "ESP"]

1. c4 e5 2. Nc3 Nc6 3. g3 Bc5 4. Bg2 d6 5. e3 a6 6. Nge2 Ba7 7. d3 h5 8. h4 Nf6
9. Ne4 Nxe4 10. Bxe4 Bg4 11. Qb3 Rb8 12. Nc3 Qd7 13. Bd2 Ne7 14. f3 Be6 15.
O-O-O b5 16. Qc2 bxc4 17. dxc4 Bxc4 18. Bd3 Qc6 19. Bxc4 Qxc4 20. Qa4+ Qxa4 21.
Nxa4 Nf5 22. f4 Nxg3 23. Rh3 Ne4 24. Rg1 Nxd2 25. Kxd2 exf4 26. Rxg7 fxe3+ 27.
Ke2 Rb4 28. b3 Rg4 29. Rg5 Rg8 30. Rxg8+ Rxg8 31. Nc3 Rg2+ 32. Ke1 Rc2 33. Nd5
Rxa2 34. Nf6+ Kf8 35. Nxh5 Bd4 36. Nf4 Bc3+ 37. Kd1 Rd2+ 38. Kc1 Bb2+ 39. Kb1
e2 40. Ng2 Bd4 41. h5 Rd1+ 42. Kc2 Rg1 43. Ne1 Rxe1 44. h6 Ra1 0-1

[Event "II Open Internacional Hotel Murta Xativa (Event Code: 141022)"]
[Site "Hotel Murta"]
[Date "2016.08.26"]
[Round "7"]
[Board "12"]
[White "Juan Beneyto, Daniel"]
[Black "Hernandez Torralba, Jose Joaquin"]
[Result "0-1"]
[WhiteElo "1436"]
[BlackElo "2023"]
[PlyCount "74"]
[EventDate "2016.08.22"]
[EventRounds "9"]
[EventCountry "ESP"]

1. e4 c5 2. Nf3 d6 3. d4 cxd4 4. Nxd4 Nf6 5. Nc3 Nc6 6. h3 e5 7. Nf3 Be6 8. Be3
h6 9. Be2 Be7 10. O-O O-O 11. Re1 Na5 12. Bd2 Nc4 13. Bxc4 Bxc4 14. b3 Be6 15.
Rc1 Rc8 16. Re3 Nh7 17. Ne2 f5 18. exf5 Bxf5 19. Ng3 Be6 20. Qe2 Nf6 21. Ne4 a6
22. c4 b5 23. cxb5 Rxc1+ 24. Bxc1 Nd5 25. Rd3 axb5 26. Nc3 Nxc3 27. Rxc3 b4 28.
Re3 Qa5 29. Rd3 Rc8 30. Rd1 Bf5 31. Qb2 Rc2 32. Qb1 Bh7 33. Bb2 Rxf2 34. Qa1
Rc2 35. a4 Qc5+ 36. Kh1 Qf2 37. Rg1 Rxb2 0-1

[Event "II Open Internacional Hotel Murta Xativa (Event Code: 141022)"]
[Site "Hotel Murta"]
[Date "2016.08.26"]
[Round "7"]
[Board "13"]
[White "Apolo Sanchez, Manuel"]
[Black "Hernandez Torralba, Sergio"]
[Result "1-0"]
[WhiteElo "1997"]
[BlackElo "1904"]
[PlyCount "65"]
[EventDate "2016.08.22"]
[EventRounds "9"]
[EventCountry "ESP"]

1. d4 Nf6 2. Nc3 d5 3. e4 dxe4 4. f3 exf3 5. Nxf3 e6 6. Bg5 Be7 7. Bd3 Nc6 8.
a3 O-O 9. Qd2 Nd5 10. Nxd5 exd5 11. Qf4 Bxg5 12. Nxg5 h6 13. h4 Re8+ 14. Kd2
Qf6 15. Qxc7 Qf2+ 16. Kc3 Qxd4+ 17. Kd2 hxg5 18. hxg5 Qe3+ 19. Kc3 d4+ 20. Kb3
Be6+ 21. Ka4 Qxg5 22. Bh7+ Kf8 23. Bd3 Kg8 24. Bh7+ Kf8 25. Bd3 b5+ 26. Bxb5
Kg8 27. Bxc6 Qc5 28. b4 Qxc2+ 29. Ka5 Rec8 30. Qh2 Qf5+ 31. b5 Kf8 32. Bxa8 Rc5
33. Qd6+ 1-0

[Event "II Open Internacional Hotel Murta Xativa (Event Code: 141022)"]
[Site "Hotel Murta"]
[Date "2016.08.26"]
[Round "7"]
[Board "14"]
[White "Miquel Badenes, Indalecio"]
[Black "Albuixec Sanz, Jorge"]
[Result "1-0"]
[WhiteElo "1863"]
[BlackElo "1824"]
[PlyCount "81"]
[EventDate "2016.08.22"]
[EventRounds "9"]
[EventCountry "ESP"]

1. d4 Nf6 2. Nf3 e6 3. Bg5 d5 4. e3 c5 5. c3 Nbd7 6. Bd3 h6 7. Bh4 Bd6 8. Nbd2
Qc7 9. Qe2 O-O 10. O-O Re8 11. e4 e5 12. Bxf6 Nxf6 13. dxe5 Bxe5 14. Nxe5 Qxe5
15. f4 Qe7 16. e5 c4 17. Bc2 Bd7 18. Nf3 Bg4 19. Qf2 Ne4 20. Qd4 Bf5 21. Qe3
Ng3 22. Bxf5 Nxf5 23. Qd2 Rad8 24. g4 Qc5+ 25. Nd4 Nxd4 26. cxd4 Qb6 27. Rf2 f6
28. Raf1 fxe5 29. fxe5 Qg6 30. Rf4 Rf8 31. Qg2 Rxf4 32. Rxf4 Qb1+ 33. Rf1 Qxa2
34. e6 c3 35. Qf2 Qa4 36. Qf7+ Kh7 37. bxc3 Qe8 38. Qf5+ Kg8 39. Qe5 Qe7 40.
Rf7 Qh4 41. Qxg7# 1-0

[Event "II Open Internacional Hotel Murta Xativa (Event Code: 141022)"]
[Site "Hotel Murta"]
[Date "2016.08.26"]
[Round "7"]
[Board "15"]
[White "Gomez Maestro, Gustavo"]
[Black "Gonzalvez Tamarit, Ruben"]
[Result "0-1"]
[WhiteElo "1638"]
[BlackElo "1974"]
[PlyCount "80"]
[EventDate "2016.08.22"]
[EventRounds "9"]
[EventCountry "ESP"]

1. d4 Nf6 2. Bg5 e6 3. e4 h6 4. Bxf6 Qxf6 5. c3 d5 6. Nd2 c5 7. e5 Qd8 8. Ngf3
Nc6 9. dxc5 Bxc5 10. Nb3 Bb6 11. Bd3 Bd7 12. O-O Rc8 13. Nbd4 Bxd4 14. cxd4 Qb6
15. Rc1 O-O 16. Bb1 Qxb2 17. Qd3 g6 18. Rc2 Qb6 19. a3 Ne7 20. Qd2 Kh7 21. h4
Rxc2 22. Bxc2 Qd8 23. g4 Kg7 24. h5 gxh5 25. Qd3 Rh8 26. Nh4 hxg4 27. Qg3 Nf5
28. Nxf5+ exf5 29. f3 Qg5 30. e6 Bxe6 31. Qe5+ Kh7 32. fxg4 Qxg4+ 33. Kf2 Rc8
34. Bd3 Rg8 35. a4 Qg2+ 36. Ke1 Qg3+ 37. Qxg3 Rxg3 38. Bxf5+ Kg7 39. Kf2 Ra3
40. Bc2 Ra2 0-1

[Event "II Open Internacional Hotel Murta Xativa (Event Code: 141022)"]
[Site "Hotel Murta"]
[Date "2016.08.27"]
[Round "8"]
[Board "1"]
[White "Uran Bermudez, Oliver Kevin"]
[Black "Cruz Lledo, Pablo"]
[Result "1/2-1/2"]
[WhiteElo "2104"]
[BlackElo "2414"]
[PlyCount "153"]
[EventDate "2016.08.22"]
[EventRounds "9"]
[EventCountry "ESP"]

1. d4 d5 2. Nf3 Nf6 3. e3 Bf5 4. Bd3 Bxd3 5. Qxd3 c6 6. Nbd2 Nbd7 7. O-O e6 8.
c4 Bd6 9. e4 dxe4 10. Nxe4 Nxe4 11. Qxe4 Qc7 12. Qg4 g6 13. c5 Be7 14. Bf4 Qd8
15. Qg3 Nf6 16. Bc7 Qd7 17. Ba5 O-O 18. Rfe1 Nh5 19. Qe5 Bd8 20. Bd2 Bc7 21.
Qe4 Rad8 22. Bg5 f6 23. Bh4 Ng7 24. g4 Qd5 25. Bg3 Bxg3 26. hxg3 Qxe4 27. Rxe4
Rd5 28. Kg2 Kf7 29. Rh1 h5 30. gxh5 Rxh5 31. Rxh5 Nxh5 32. Nd2 b5 33. Rh4 e5
34. Nf3 Re8 35. dxe5 fxe5 36. Ng5+ Kf6 37. Ne4+ Ke6 38. Rg4 Rg8 39. Kf3 a5 40.
Rg5 Nf6 41. Nd6 Nh7 42. Rg4 Nf6 43. Rg5 Kd5 44. Nf7 Rf8 45. Rxe5+ Kd4 46. Re7
Nd5 47. Rb7 Kxc5 48. Kg4 Re8 49. f4 Nb4 50. Ne5 Nxa2 51. Nxg6 Nb4 52. f5 Nd5
53. Nf4 Ne3+ 54. Kg5 Rg8+ 55. Ng6 Nd5 56. f6 Nxf6 57. Kxf6 Kb4 58. Rd7 Kb3 59.
Rd2 a4 60. Kf7 Ra8 61. Ne5 b4 62. Nxc6 a3 63. Nd4+ Kc4 64. bxa3 Rxa3 65. Ne2 b3
66. Rd4+ Kc5 67. Rd1 b2 68. Rb1 Rb3 69. g4 Kc4 70. g5 Rb7+ 71. Kf6 Kd3 72. g6
Kc2 73. Rxb2+ Kxb2 74. Nf4 Rb8 75. g7 Rg8 76. Kf7 Rxg7+ 77. Kxg7 1/2-1/2

[Event "II Open Internacional Hotel Murta Xativa (Event Code: 141022)"]
[Site "Hotel Murta"]
[Date "2016.08.27"]
[Round "8"]
[Board "2"]
[White "Fenollar Jorda, Manuel"]
[Black "Munoz, Miguel"]
[Result "0-1"]
[WhiteElo "2338"]
[BlackElo "2451"]
[PlyCount "74"]
[EventDate "2016.08.22"]
[EventRounds "9"]
[EventCountry "ESP"]

1. d4 Nf6 2. c4 g6 3. Nc3 Bg7 4. e4 O-O 5. Nf3 c5 6. d5 d6 7. h3 e6 8. Bd3 exd5
9. exd5 Nbd7 10. O-O Ne8 11. Bg5 f6 12. Bf4 Ne5 13. Be2 Nxf3+ 14. Bxf3 g5 15.
Bd2 f5 16. Bh5 Bd7 17. f4 g4 18. Bxe8 Rxe8 19. g3 Qf6 20. Be1 gxh3 21. Bf2 Qg6
22. Qd3 Re7 23. Rfe1 Rae8 24. Rxe7 Rxe7 25. Re1 Rxe1+ 26. Bxe1 a6 27. Kh2 b5
28. b3 Qe8 29. Bd2 b4 30. Nd1 Qe4 31. Qxe4 fxe4 32. Ne3 Bd4 33. f5 Bxe3 34.
Bxe3 Bxf5 35. Bf4 e3 36. Bxe3 Kf7 37. Bc1 a5 0-1

[Event "II Open Internacional Hotel Murta Xativa (Event Code: 141022)"]
[Site "Hotel Murta"]
[Date "2016.08.27"]
[Round "8"]
[Board "3"]
[White "Kovacevic, Slobodan"]
[Black "Ballester Llagaria, Luis Eduardo"]
[Result "1/2-1/2"]
[WhiteElo "2303"]
[BlackElo "2299"]
[PlyCount "82"]
[EventDate "2016.08.22"]
[EventRounds "9"]
[EventCountry "ESP"]

1. d4 Nf6 2. Nf3 d5 3. Bf4 c5 4. e3 Nc6 5. c3 Qb6 6. Qb3 c4 7. Qc2 Bf5 8. Qc1
e6 9. Nbd2 Be7 10. Be2 O-O 11. Bd1 Rfc8 12. Bc2 Bd3 13. Bxd3 cxd3 14. Qb1 Ne4
15. O-O Na5 16. Nxe4 dxe4 17. Nd2 Nc4 18. Nxc4 Rxc4 19. Qc1 Qc6 20. f3 b5 21.
a3 a5 22. fxe4 Qxe4 23. Qd2 Rac8 24. Rfd1 g5 25. Be5 f6 26. Bg3 b4 27. axb4
axb4 28. Qxd3 Qxd3 29. Rxd3 bxc3 30. bxc3 Rxc3 31. Rxc3 Rxc3 32. Kf2 h5 33. h4
Rc2+ 34. Kf1 Kf7 35. Ra7 Ke8 36. hxg5 fxg5 37. Be5 h4 38. Ra8+ Kf7 39. Ra7 Ke8
40. Ra8+ Kf7 41. Ra7 Ke8 1/2-1/2

[Event "II Open Internacional Hotel Murta Xativa (Event Code: 141022)"]
[Site "Hotel Murta"]
[Date "2016.08.27"]
[Round "8"]
[Board "4"]
[White "Castella Garcia, Fausto"]
[Black "Garcia Amoros, Pablo"]
[Result "1/2-1/2"]
[WhiteElo "2325"]
[BlackElo "2175"]
[PlyCount "128"]
[EventDate "2016.08.22"]
[EventRounds "9"]
[EventCountry "ESP"]

1. e4 c5 2. Nc3 a6 3. f4 b5 4. Nf3 Bb7 5. d3 e6 6. g3 d5 7. e5 h5 8. Bg2 Nh6 9.
O-O Nf5 10. Ne2 Be7 11. d4 Nc6 12. c3 Qb6 13. Kh1 a5 14. a3 a4 15. Bh3 g6 16.
Bxf5 gxf5 17. h4 Na5 18. dxc5 Bxc5 19. Ned4 Nc4 20. Kh2 Ba6 21. Re1 Be7 22. Rb1
Kf8 23. Be3 Qb7 24. Bf2 Qd7 25. Ng5 Rh6 26. Qc2 Kg7 27. Rbd1 Kg6 28. Nxf5 exf5
29. e6 Qc6 30. Nxf7 Rh7 31. Ne5+ Nxe5 32. Rxe5 Rf8 33. Rdxd5 Kh6 34. Rxf5 Rxf5
35. Qxf5 Qe8 36. Bd4 Qg6 37. Qxg6+ Kxg6 38. f5+ Kh6 39. f6 Bc8 40. fxe7 Rxe7
41. Be3+ Kg6 42. Rg5+ Kf6 43. Rxh5 Rxe6 44. Rh6+ Kf7 45. Rxe6 Bxe6 46. h5 Bg4
47. h6 Kg6 48. Bf4 Bf5 49. Kg2 Kh5 50. Kf3 Bg4+ 51. Ke4 Bd1 52. c4 bxc4 53. h7
Bc2+ 54. Kd4 Bxh7 55. Kxc4 Bc2 56. b4 axb3 57. Kc3 Bd1 58. Kb2 Kg6 59. a4 Kf6
60. a5 Ke6 61. a6 Kd7 62. a7 Bf3 63. g4 Kc8 64. g5 Kb7 1/2-1/2

[Event "II Open Internacional Hotel Murta Xativa (Event Code: 141022)"]
[Site "Hotel Murta"]
[Date "2016.08.27"]
[Round "8"]
[Board "5"]
[White "Garcia Jimenez, Francisco Javier"]
[Black "Ibanez Aullana, Ramon"]
[Result "0-1"]
[WhiteElo "2251"]
[BlackElo "2249"]
[PlyCount "102"]
[EventDate "2016.08.22"]
[EventRounds "9"]
[EventCountry "ESP"]

1. e4 Nf6 2. Nc3 d5 3. exd5 Nxd5 4. Bc4 c6 5. Qf3 e6 6. Nge2 Be7 7. O-O O-O 8.
d4 Nd7 9. a3 b6 10. Bd3 Bb7 11. Nxd5 cxd5 12. Ng3 Qc8 13. Re1 Bf6 14. c3 g6 15.
Bh6 Re8 16. Rad1 a5 17. Bb1 b5 18. Nh5 Bh8 19. Qg3 b4 20. h4 bxa3 21. bxa3 Nf6
22. Nxf6+ Bxf6 23. h5 Qb8 24. Qg4 Bg7 25. Bf4 Qd8 26. Rd3 Qe7 27. Rh3 e5 28.
hxg6 hxg6 29. Bg5 Qe6 30. Qh4 e4 31. f3 Rac8 32. fxe4 dxe4 33. Rf1 f5 34. g4
Rxc3 35. Qh7+ Kf8 36. Rxc3 Bxd4+ 37. Be3 Re7 38. Qh3 Bxc3 39. Bc5 Qc4 40. Qh6+
Bg7 41. Bxe7+ Kf7 42. Qd2 Bd4+ 43. Kh2 Be5+ 44. Kg1 Kxe7 45. Rc1 Bd4+ 46. Kh2
Qd5 47. Rd1 e3 48. Qe2 Qe5+ 49. Kg1 f4 50. Rxd4 Qxd4 51. Bxg6 f3 0-1

[Event "II Open Internacional Hotel Murta Xativa (Event Code: 141022)"]
[Site "Hotel Murta"]
[Date "2016.08.27"]
[Round "8"]
[Board "6"]
[White "Nieves Cabanes, Javier"]
[Black "Nieves Cabanes, Jose Manuel"]
[Result "0-1"]
[WhiteElo "2215"]
[BlackElo "2227"]
[PlyCount "88"]
[EventDate "2016.08.22"]
[EventRounds "9"]
[EventCountry "ESP"]

1. d4 Nf6 2. c4 e6 3. Nc3 d5 4. Nf3 Bb4 5. e3 O-O 6. Bd3 c5 7. O-O Nc6 8. a3
Bxc3 9. bxc3 dxc4 10. Bxc4 Qc7 11. Bd3 e5 12. Qc2 Rd8 13. Bb2 Bg4 14. Ng5 h6
15. Ne4 Nxe4 16. Bxe4 c4 17. h3 Be6 18. Rad1 Ne7 19. Bf3 Bf5 20. e4 Bg6 21. Qe2
b5 22. g3 a5 23. Rc1 Rac8 24. Bg4 Rb8 25. f4 exd4 26. cxd4 f5 27. Bh5 Bxh5 28.
Qxh5 fxe4 29. d5 Rxd5 30. Be5 Qc5+ 31. Kh1 Rf8 32. Qg4 Nf5 33. Qg6 Rd3 34. Rg1
Qf2 35. Rg2 Qf3 36. Kh2 Rf7 37. Qe6 Ne3 38. Qe8+ Kh7 39. Rb2 Rfd7 40. Bc3 Rd1
41. Be1 Rxc1 42. Rf2 Rd2 43. Rxd2 Rxe1 44. f5 Rh1# 0-1

[Event "II Open Internacional Hotel Murta Xativa (Event Code: 141022)"]
[Site "Hotel Murta"]
[Date "2016.08.27"]
[Round "8"]
[Board "7"]
[White "Gomez Sanjuan, Hector Fernando"]
[Black "Gomez Jurado, Luis Alberto"]
[Result "0-1"]
[WhiteElo "2025"]
[BlackElo "2266"]
[PlyCount "84"]
[EventDate "2016.08.22"]
[EventRounds "9"]
[EventCountry "ESP"]

1. d4 Nf6 2. c4 e6 3. Nc3 Bb4 4. Qc2 h6 5. e4 d5 6. e5 Ne4 7. Bd3 c5 8. Nge2
Nc6 9. O-O cxd4 10. Nxe4 dxe4 11. Bxe4 Bc5 12. Bf4 Bd7 13. Nc1 g5 14. Bg3 h5
15. Nd3 Be7 16. f4 h4 17. Be1 gxf4 18. Rxf4 Bg5 19. Rf3 Be3+ 20. Bf2 Qg5 21.
Bxe3 dxe3 22. Qc3 Rh5 23. Re1 Nxe5 24. Nxe5 Qxe5 25. Rexe3 Qxc3 26. Rxc3 Rb8
27. b4 f5 28. Bc2 Ke7 29. Rfd3 Rg8 30. b5 Rhg5 31. Rd2 e5 32. a4 f4 33. Be4 h3
34. Bxb7 hxg2 35. Rxg2 Rxg2+ 36. Bxg2 e4 37. Kf1 e3 38. c5 Bg4 39. b6 Rd8 40.
Bd5 Rxd5 41. b7 e2+ 42. Kf2 Rd1 0-1

[Event "II Open Internacional Hotel Murta Xativa (Event Code: 141022)"]
[Site "Hotel Murta"]
[Date "2016.08.27"]
[Round "8"]
[Board "8"]
[White "Montalban Galvez, Antoni"]
[Black "Apolo Sanchez, Manuel"]
[Result "1-0"]
[WhiteElo "2221"]
[BlackElo "1997"]
[PlyCount "89"]
[EventDate "2016.08.22"]
[EventRounds "9"]
[EventCountry "ESP"]

1. d4 e5 2. dxe5 d6 3. Nf3 Bg4 4. Bf4 Nc6 5. Nc3 Bxf3 6. exf3 dxe5 7. Be3 Bb4
8. Bc4 Nf6 9. Qd2 Qe7 10. O-O Rd8 11. Qe1 O-O 12. a3 Bc5 13. b4 Bxe3 14. fxe3
e4 15. fxe4 Nxe4 16. Nd5 Qg5 17. Rd1 Ne5 18. Rf5 Qxf5 19. Ne7+ Kh8 20. Nxf5
Nxc4 21. Rd4 Ncd2 22. Qh4 Rxd4 23. exd4 Re8 24. Qf4 Nd6 25. Qxd2 Nxf5 26. Qf4
Nd6 27. h3 b5 28. Kh2 Re4 29. Qg5 f5 30. Qd8+ Ne8 31. Qd7 g6 32. Qxb5 Kg7 33.
Qd7+ Kh6 34. Qd8 g5 35. c4 Re2 36. Qd7 f4 37. Qf5 Nd6 38. Qg4 Re3 39. h4 Rg3
40. hxg5+ Kg6 41. Qxf4 Rxg5 42. c5 Nf5 43. Qxc7 Ne3 44. Qc6+ Kh5 45. Qe8+ 1-0

[Event "II Open Internacional Hotel Murta Xativa (Event Code: 141022)"]
[Site "Hotel Murta"]
[Date "2016.08.27"]
[Round "8"]
[Board "9"]
[White "Hernandez Torralba, Jose Joaquin"]
[Black "Martorell Aubanell, Adria"]
[Result "1-0"]
[WhiteElo "2023"]
[BlackElo "2162"]
[PlyCount "139"]
[EventDate "2016.08.22"]
[EventRounds "9"]
[EventCountry "ESP"]

1. e4 e6 2. d4 d5 3. Nd2 dxe4 4. Nxe4 Nd7 5. Nf3 Ngf6 6. Nxf6+ Nxf6 7. Bd3 Be7
8. Qe2 O-O 9. Bd2 b6 10. g4 Bb7 11. O-O-O Qd5 12. g5 Qxf3 13. gxf6 Bxf6 14.
Rhg1 Bxd4 15. Qf1 Bxf2 16. Be2 Qf5 17. Bd3 Qc5 18. Rg5 f5 19. Qh3 g6 20. Kb1
Bd4 21. Qh5 Bg7 22. Qh3 Qf2 23. Rg3 Be5 24. Be3 Bxg3 25. Bxf2 Bxf2 26. Bc4 Bd5
27. Bxd5 exd5 28. Rxd5 Rad8 29. Qd3 Rxd5 30. Qxd5+ Rf7 31. Qf3 Bc5 32. c3 g5
33. Kc2 g4 34. Qf4 Bd6 35. Qg5+ Kh8 36. Kd3 f4 37. Ke2 Re7+ 38. Kf1 g3 39. hxg3
fxg3 40. b4 Rf7+ 41. Kg1 Bf4 42. Qd8+ Kg7 43. Qd4+ Kg6 44. Qe4+ Rf5 45. Kg2 Bd6
46. Qg4+ Kf6 47. Qh4+ Kg6 48. Qg4+ Rg5 49. Qe4+ Kg7 50. Qd4+ Kf7 51. Qh4 Rg7
52. a3 Ke6 53. Qh6+ Kf7 54. c4 Kg8 55. Qe6+ Kf8 56. c5 bxc5 57. bxc5 Be7 58.
Qc8+ Kf7 59. Qxc7 h5 60. c6 h4 61. Qf4+ Bf6 62. c7 h3+ 63. Kxh3 g2 64. c8=Q
g1=Q 65. Qcc4+ Kg6 66. Qce4+ Kf7 67. Qc7+ Kf8 68. Qc8+ Bd8 69. Qxd8+ Kf7 70.
Qf5# 1-0

[Event "II Open Internacional Hotel Murta Xativa (Event Code: 141022)"]
[Site "Hotel Murta"]
[Date "2016.08.27"]
[Round "8"]
[Board "10"]
[White "Sanz Garcia, Roberto"]
[Black "Bas Mas, Miguel"]
[Result "0-1"]
[WhiteElo "1931"]
[BlackElo "2123"]
[PlyCount "100"]
[EventDate "2016.08.22"]
[EventRounds "9"]
[EventCountry "ESP"]

1. e4 c5 2. Nc3 e6 3. Nf3 a6 4. a4 b6 5. d4 cxd4 6. Nxd4 Qc7 7. Bd3 Nf6 8. Bg5
Be7 9. O-O O-O 10. Kh1 d6 11. f4 Bb7 12. Rf3 g6 13. Qe1 Nbd7 14. Qh4 Rfe8 15.
Raf1 Qd8 16. f5 Nh5 17. fxe6 fxe6 18. Nxe6 Bxg5 19. Nxd8 Bxh4 20. Nxb7 Ne5 21.
Nxd6 Red8 22. Nf7 Nxf3 23. Nxd8 Ne5 24. Ne6 Ng4 25. Nd5 Rb8 26. Ne7+ Bxe7 27.
Bxa6 Ne3 28. Rf2 Bd6 29. g3 Re8 30. Re2 Rxe6 31. Rxe3 Kg7 32. Bc4 Re7 33. Kg2
Nf6 34. Kf3 Bc5 35. Re2 Nd7 36. Bd5 Ne5+ 37. Kg2 Ng4 38. Kf3 Ne5+ 39. Kg2 h5
40. h3 g5 41. c3 Ng6 42. b4 Bd6 43. Rf2 h4 44. Rf5 hxg3 45. Rxg5 Kh6 46. Rg4
Nf4+ 47. Kf3 g2 48. Rg8 Rg7 49. Rxg7 Kxg7 50. Kf2 Be5 0-1

[Event "II Open Internacional Hotel Murta Xativa (Event Code: 141022)"]
[Site "Hotel Murta"]
[Date "2016.08.27"]
[Round "8"]
[Board "11"]
[White "Cortes Marti, Javier"]
[Black "Miquel Badenes, Indalecio"]
[Result "1/2-1/2"]
[WhiteElo "2082"]
[BlackElo "1863"]
[PlyCount "76"]
[EventDate "2016.08.22"]
[EventRounds "9"]
[EventCountry "ESP"]

1. d4 d6 2. c4 e5 3. d5 f5 4. Nc3 Nf6 5. Nf3 Be7 6. e3 O-O 7. Be2 a5 8. b3 Na6
9. O-O Nc5 10. Bb2 Bd7 11. Qc2 Qe8 12. a3 Qg6 13. g3 Qh6 14. Ne1 Qh3 15. f3 g5
16. Rf2 f4 17. exf4 gxf4 18. gxf4 Bf5 19. Qd1 exf4 20. Nd3 Nxd3 21. Bxd3 Kf7
22. Bxf5 Rg8+ 23. Kh1 Qxf5 24. Qe2 Rae8 25. Raf1 Bd8 26. Qd2 Re3 27. Nb5 Qh3
28. Bxf6 Bxf6 29. Nd4 Bh4 30. Rg2 Be1 31. Qc2 Rxg2 32. Qxg2 Qxg2+ 33. Kxg2 Bc3
34. Nb5 Be5 35. Nxc7 Rxb3 36. Nb5 Rb2+ 37. Rf2 Rxf2+ 38. Kxf2 b6 1/2-1/2

[Event "II Open Internacional Hotel Murta Xativa (Event Code: 141022)"]
[Site "Hotel Murta"]
[Date "2016.08.27"]
[Round "8"]
[Board "12"]
[White "Vila Tormo, Eduardo"]
[Black "Gomez Ferrer, Jesus"]
[Result "0-1"]
[WhiteElo "1653"]
[BlackElo "2081"]
[PlyCount "58"]
[EventDate "2016.08.22"]
[EventRounds "9"]
[EventCountry "ESP"]

1. e4 c5 2. c3 d5 3. exd5 Qxd5 4. Qf3 Qd6 5. Na3 Nc6 6. Bc4 Nf6 7. Ne2 a6 8.
O-O g6 9. Ng3 Bg4 10. Qe3 Bg7 11. Ne4 Nxe4 12. Qxe4 Bf5 13. Qd5 O-O 14. Qxd6
exd6 15. Bd5 Rfe8 16. Nc4 Rad8 17. Ne3 Bd3 18. Rd1 Rd7 19. Bc4 Rxe3 20. Bxf7+
Kxf7 21. dxe3 c4 22. Bd2 b5 23. Rdc1 d5 24. a4 b4 25. f3 Na5 26. Ra2 Nb3 27.
Rd1 Bc2 28. Re1 Nxd2 29. Re2 Bb3 0-1

[Event "II Open Internacional Hotel Murta Xativa (Event Code: 141022)"]
[Site "Hotel Murta"]
[Date "2016.08.27"]
[Round "8"]
[Board "13"]
[White "Hompanera Lopez, Enrique"]
[Black "Martinez Lopez, Jose Luis"]
[Result "1-0"]
[WhiteElo "2044"]
[BlackElo "1631"]
[PlyCount "71"]
[EventDate "2016.08.22"]
[EventRounds "9"]
[EventCountry "ESP"]

1. e4 c5 2. b3 d6 3. Bb2 Nc6 4. Bb5 Bd7 5. f4 Nf6 6. Qe2 Nd4 7. Bxd4 cxd4 8.
Nf3 Qb6 9. Bxd7+ Nxd7 10. c3 dxc3 11. Nxc3 e6 12. Na4 Qa5 13. O-O Be7 14. d4
O-O 15. Nb2 Rac8 16. Nd3 Qh5 17. Rac1 Nf6 18. Nf2 Rfe8 19. Rc2 Rxc2 20. Qxc2
Qb5 21. Rc1 h6 22. a4 Qb6 23. b4 g6 24. b5 Bd8 25. Qd3 Kg7 26. Rc8 Kf8 27. g4
Bc7 28. Rxe8+ Kxe8 29. h4 a6 30. g5 hxg5 31. hxg5 Nd7 32. f5 gxf5 33. exf5 e5
34. g6 fxg6 35. fxg6 d5 36. g7 1-0